[Event "Mikhail Botvinnik"]
[Site "SchemingMind.com"]
[Date "2007.12.05"]
[Round "-"]
[White "agrillage"]
[Black "riverriver"]
[Result "1-0"]
[WhiteCountry "MLT"]
[BlackCountry "USA"]
[WhiteElo "2105"]
[WhiteRD "82"]
[BlackElo "1931"]
[BlackRD "65"]
[GameID "132132"]

1. Nf3 g6 2. c4 Bg7 3. d4 Nf6 4. g3 d5 5. cxd5 Nxd5 6. Bg2 O-O 7. O-O c6 8. Nc3 Bg4 9. Qb3 Nb6 10. a4 Bxf3
11. Bxf3 Qc8 12. a5 N6d7 13. Be3 e5 14. d5 Re8 15. Rfd1 Nf6 16. Ne4 Nxe4 17. Bxe4 Rd8 18. Rdc1 Rd6 19. dxc6 Nxc6 20. a6 Qe8
21. axb7 Kh8 22. bxa8=Q Qxa8 23. Bxc6 Rxc6 24. Rxc6 Qxc6 25. Qb8+
1-0

[Event "Mikhail Botvinnik"]
[Site "SchemingMind.com"]
[Date "2007.12.06"]
[Round "-"]
[White "agrillage"]
[Black "Aumonde"]
[Result "0-1"]
[WhiteCountry "MLT"]
[BlackCountry "USA"]
[WhiteElo "2076"]
[WhiteRD "81"]
[BlackElo "2219"]
[BlackRD "65"]
[GameID "132133"]

1. Nf3 Nf6 2. c4 e6 3. g3 d5 4. d4 Bd7 5. cxd5 Nxd5 6. Bg2 Bb5 7. O-O Be7 8. Nc3 Nxc3 9. bxc3 Nd7 10. Re1 c5
11. e4 O-O 12. Be3 Qa5 13. a4 Ba6 14. Qb3 Rfd8 15. Red1 Nb6 16. Nd2 cxd4 17. cxd4 Bb4 18. d5 exd5 19. Bxb6 axb6 20. Qa2 d4
21. Nc4 Qc5 22. Nd2 Bc3 23. Rab1 Be2 24. Rdc1 Bd3 25. Rb3 b5 26. a5 b4
0-1

[Event "Mikhail Botvinnik"]
[Site "SchemingMind.com"]
[Date "2007.12.05"]
[Round "-"]
[White "agrillage"]
[Black "Goran"]
[Result "0-1"]
[WhiteCountry "MLT"]
[BlackCountry "ITA"]
[WhiteElo "2076"]
[WhiteRD "81"]
[BlackElo "2472"]
[BlackRD "71"]
[GameID "132134"]

1. Nf3 Nf6 2. c4 e6 3. g3 d5 4. d4 dxc4 5. Qa4+ Nbd7 6. Qxc4 a6 7. Bg2 b5 8. Qc6 Rb8 9. Bf4 Nd5 10. Bg5 Be7
11. Bxe7 Qxe7 12. O-O Bb7 13. Qc2 O-O 14. Nc3 N5f6 15. Rac1 Rbc8 16. a3 c5 17. dxc5 Nxc5 18. Rfd1 h6 19. b4= Na4 20. Qb3 Qc7
21. Na2 Qb6 22. e3 Bd5
0-1

[Event "Mikhail Botvinnik"]
[Site "SchemingMind.com"]
[Date "2007.12.06"]
[Round "-"]
[White "agrillage"]
[Black "Cruyce"]
[Result "1-0"]
[WhiteCountry "MLT"]
[BlackCountry "BEL"]
[WhiteElo "2076"]
[WhiteRD "86"]
[BlackElo "2052"]
[BlackRD "71"]
[GameID "132135"]

1. Nf3 f5 2. c4 e6 3. g3 Nf6 4. Bg2 Be7 5. O-O O-O 6. Nc3 d6 7. d4 a5 8. b3 Ne4 9. Bb2 Nxc3 10. Bxc3 Bf6
11. Qc2 d5 12. cxd5 exd5 13. Qd2 Nc6 14. Ne5 Re8 15. Nxc6 bxc6 16. Bxa5 Bxd4 17. Qxd4 Rxa5 18. e3 Qd6 19. Rfc1 Bd7 20. b4 Ra4
21. Rc5 Qe7 22. a3 Rea8 23. Qc3 Qf6 24. b5 R8a5 25. Qxf6 gxf6 26. bxc6 Rxc5 27. cxd7 Ra8 28. Bh3 d4 29. exd4
1-0

[Event "Mikhail Botvinnik"]
[Site "SchemingMind.com"]
[Date "2007.12.05"]
[Round "-"]
[White "agrillage"]
[Black "Konan_Kaddosh"]
[Result "0-1"]
[WhiteCountry "MLT"]
[BlackCountry "ITA"]
[WhiteElo "2039"]
[WhiteRD "86"]
[BlackElo "2525"]
[BlackRD "62"]
[GameID "132136"]

1. Nf3 Nf6 2. c4 e6 3. g3 b6 4. Bg2 Bb7 5. O-O Be7 6. d4 O-O 7. Nc3 Ne4 8. Qc2 Nxc3 9. Qxc3 c5 10. b3 Bf6
11. Bb2 Nc6 12. Qd2 d6 13. e4 e5 14. d5 Nd4 15. Bxd4 cxd4 16. Ne1 Qe7 17. Nd3 h6 18. f4 a5 19. a4 Bc8 20. Qe2 Ra7
21. Kh1 Rc7 22. Bf3 g6 23. Bg4 Bb7 24. Rad1 h5 25. Bh3 Re8 26. f5 Bc8 27. g4 h4 28. Rf3 Bg5 29. Rdf1 Qf6 30. Ne1 Qg7
31. Qf2 Qh6 32. Ng2 f6 33. Rd1= Rg7 34. Rf1 gxf5 35. gxf5 Kf7 36. Rd1 Qh5 37. Rf1 Ke7 38. Qb2 Reg8 39. b4 Bd7 40. bxa5 bxa5
41. Rb3 Rc8 42. Rb7 d3 43. Qb3 Qe2
0-1

[Event "Mikhail Botvinnik"]
[Site "SchemingMind.com"]
[Date "2007.12.05"]
[Round "-"]
[White "agrillage"]
[Black "Chess_Man01"]
[Result "0-1"]
[WhiteCountry "MLT"]
[BlackCountry "GBR"]
[WhiteElo "2076"]
[WhiteRD "86"]
[BlackElo "2284"]
[BlackRD "60"]
[GameID "132137"]

1. Nf3 Nf6 2. c4 e6 3. g3 b6 4. Bg2 Bb7 5. O-O c5 6. Nc3 Be7 7. d4 d6 8. d5 exd5 9. Nxd5 Nxd5 10. cxd5 O-O
11. a4 Na6 12. Ne1 Rc8 13. Nc2 Bf6 14. e4 c4 15. Ne3 Nc5 16. Ng4 c3 17. Nxf6+ Qxf6 18. bxc3 Ba6 19. Re1 Nd3 20. Re3 Qxf2+
21. Kh1 Rxc3 22. Rf3 Rc2 23. Qf1 Qd4 24. Be3 Qe5 25. Qd1 Rxg2 26. Kxg2 Qxe4 27. Bf4 Qxd5
0-1

[Event "Mikhail Botvinnik"]
[Site "SchemingMind.com"]
[Date "2007.12.06"]
[Round "-"]
[White "riverriver"]
[Black "agrillage"]
[Result "0-1"]
[WhiteCountry "USA"]
[BlackCountry "MLT"]
[WhiteElo "1919"]
[WhiteRD "71"]
[BlackElo "2076"]
[BlackRD "81"]
[GameID "132138"]

1. d3 g6 2. e4 Bg7 3. Nc3 c6 4. g3 d5 5. Nf3 Bxc3+ 6. bxc3 dxe4 7. dxe4 Qxd1+ 8. Kxd1 Nf6 9. Bd3 Nbd7 10. Ba3 c5
11. Ke2 b6 12. Rhd1 O-O 13. Bc1 Bb7 14. Bf4 c4 15. Bxc4 Bxe4 16. Bg5 Bxc2 17. Rd4 Kg7 18. Ne1 Bf5 19. Kf1 Rac8 20. Rh4 h5
21. Rd1 Ne5 22. Rdd4 Bg4 23. Bb3 Rxc3 24. Bxf6+ Kxf6 25. f4 Nf3 26. Nxf3 Bxf3 27. Kf2 Rfc8 28. Rd7 a5 29. Kf1 b5 30. Rb7 Bxb7
0-1

[Event "Mikhail Botvinnik"]
[Site "SchemingMind.com"]
[Date "2007.12.06"]
[Round "-"]
[White "Aumonde"]
[Black "agrillage"]
[Result "1-0"]
[WhiteCountry "USA"]
[BlackCountry "MLT"]
[WhiteElo "2219"]
[WhiteRD "65"]
[BlackElo "2076"]
[BlackRD "81"]
[GameID "132139"]

1. Nf3 Nf6 2. c4 e6 3. Nc3 Bb4 4. a3 Bxc3 5. dxc3 d6 6. Qc2 Nbd7 7. e4 e5 8. b4 O-O 9. Be2 b6 10. Be3 Bb7
11. Nd2 h6 12. O-O Nxe4 13. Nxe4 f5 14. Nd2 f4 15. Bd4 c5 16. Bf3 Bxf3 17. Nxf3 cxd4 18. cxd4 Qc7 19. Rfe1 Rae8 20. Nh4 Rc8
21. Rac1 d5 22. Ng6 Rfe8 23. Qf5 f3 24. dxe5 dxc4 25. e6 Nf8 26. Nf4 fxg2 27. e7 Nh7 28. Qe6+
1-0

[Event "Mikhail Botvinnik"]
[Site "SchemingMind.com"]
[Date "2007.12.05"]
[Round "-"]
[White "Goran"]
[Black "agrillage"]
[Result "1-0"]
[WhiteCountry "ITA"]
[BlackCountry "MLT"]
[WhiteElo "2503"]
[WhiteRD "69"]
[BlackElo "2072"]
[BlackRD "86"]
[GameID "132140"]

1. e4 c5 2. Nf3 g6 3. d4 cxd4 4. Nxd4 Bg7 5. Nc3 Nc6 6. Be3 Nf6 7. Bc4 Qa5 8. O-O O-O 9. Bb3 d6 10. h3 Bd7
11. f4 Nxd4 12. Bxd4 Bc6 13. Qd3 Rad8 14. Rad1 e6 15. a3 d5 16. e5 Ne4 17. Nxe4 dxe4 18. Qe3 b6 19. Rd2 Qa6 20. c3 Rd7
21. Bc2 Qb7 22. Re1 Rfd8 23. Bxe4 Bxe4 24. Qxe4 Qc7 25. Red1 Bf8 26. g4 Qb7 27. Qxb7 Rxb7 28. Kf2 Rbd7 29. Be3 Rxd2+ 30. Rxd2 Rxd2+
31. Bxd2
1-0

[Event "Mikhail Botvinnik"]
[Site "SchemingMind.com"]
[Date "2007.12.06"]
[Round "-"]
[White "Cruyce"]
[Black "agrillage"]
[Result "0-1"]
[WhiteCountry "BEL"]
[BlackCountry "MLT"]
[WhiteElo "2052"]
[WhiteRD "71"]
[BlackElo "2076"]
[BlackRD "86"]
[GameID "132141"]

1. d4 Nf6 2. c4 e6 3. Nc3 Bb4 4. Qc2 O-O 5. a3 Bxc3+ 6. Qxc3 h6 7. g3 d6 8. Bg2 Nbd7 9. Nf3 Re8 10. O-O e5
11. dxe5 dxe5 12. Rd1 Qe7 13. Qc2 a5 14. b3 Nc5 15. Bb2 e4 16. Ne5 Ng4 17. Nxg4 Bxg4 18. b4 axb4 19. axb4 Rxa1 20. Rxa1 Nd7
21. c5 c6 22. h3 Bf5 23. Ra7 Nf6 24. b5 Qe6 25. g4 Bg6 26. e3 Re7 27. bxc6 Qxc6 28. Bd4 Nd5
0-1

[Event "Mikhail Botvinnik"]
[Site "SchemingMind.com"]
[Date "2007.12.05"]
[Round "-"]
[White "Konan_Kaddosh"]
[Black "agrillage"]
[Result "1-0"]
[WhiteCountry "ITA"]
[BlackCountry "MLT"]
[WhiteElo "2467"]
[WhiteRD "58"]
[BlackElo "2092"]
[BlackRD "82"]
[GameID "132142"]

1. e4 c5 2. Nf3 g6 3. Bc4 Bg7 4. O-O Nc6 5. c3 e6 6. d4 cxd4 7. cxd4 d5 8. exd5 exd5 9. Re1+ Nge7 10. Bb3 O-O
11. Nc3 Bg4 12. Bg5 Bxf3 13. Qxf3 Nxd4 14. Qh3 Ne6 15. Rxe6 fxe6 16. Qxe6+ Kh8 17. Bxe7
1-0

[Event "Mikhail Botvinnik"]
[Site "SchemingMind.com"]
[Date "2007.12.06"]
[Round "-"]
[White "Chess_Man01"]
[Black "agrillage"]
[Result "1-0"]
[WhiteCountry "GBR"]
[BlackCountry "MLT"]
[WhiteElo "2277"]
[WhiteRD "63"]
[BlackElo "2070"]
[BlackRD "92"]
[GameID "132143"]

1. e4 c5 2. d4 cxd4 3. c3 g6 4. cxd4 d5 5. e5 Bg7 6. Nc3 Nc6 7. Nf3 Bg4 8. Be3 Nh6 9. Qb3 Qd7 10. Be2 e6
11. Na4 Rb8 12. Nc5 Qc7 13. O-O Bxf3 14. Bxf3 O-O 15. g4 Qe7 16. Rfc1 b6 17. Nd3 Na5 18. Qd1 Rbc8 19. Rxc8 Rxc8 20. Rc1 Rf8
21. b3 Rd8 22. Qd2 Qf8 23. Rc7 Ra8 24. Nb2 Qd8 25. Rc1 Qf8 26. b4 Nb7 27. Rc7 Nd8 28. b5 Kh8 29. Nc4 Ng8 30. g5 Ne7
31. Qb4 Nf5 32. Qa4 Nc6 33. bxc6 dxc4 34. Rxa7
1-0